Loading...
Philosophy | 0 | 9 | 0 | 1 | 90 | 67 | 111.00 | 2 | 7 |
Fine Arts - Painting & Sculpture | 0 | 8 | 2 | 0 | 70 | 31 | 95.00 | 2 | 7 |
Fine Arts - Classical Music | 0 | 7 | 1 | 3 | 65 | 78 | 120.29 | 0 | 5 |
Fine Arts - Other Fine Arts | 0 | 7 | 1 | 1 | 65 | 61 | 98.86 | 1 | 5 |
Literature - American Literature | 0 | 7 | 1 | 1 | 65 | 86 | 124.29 | 1 | 4 |
Literature - British Literature | 0 | 7 | 1 | 1 | 65 | 82 | 113.43 | 1 | 5 |
Literature - World Literature | 0 | 7 | 1 | 2 | 65 | 106 | 126.14 | 0 | 0 |
Mythology | 0 | 6 | 0 | 1 | 60 | 89 | 124.00 | 0 | 3 |
Literature - European Literature | 0 | 5 | 0 | 1 | 50 | 102 | 121.80 | 2 | 2 |
Religion | 0 | 5 | 1 | 0 | 45 | 64 | 85.80 | 0 | 4 |
History - Other History | 0 | 6 | 4 | 2 | 40 | 54 | 100.50 | 1 | 4 |
Social Science | 0 | 5 | 2 | 1 | 40 | 77 | 106.20 | 1 | 3 |
History - World History | 0 | 4 | 1 | 1 | 35 | 106 | 123.00 | 0 | 1 |
History - American History | 0 | 4 | 1 | 2 | 35 | 114 | 127.50 | 0 | 0 |
Other | 0 | 3 | 0 | 1 | 30 | 77 | 89.33 | 0 | 1 |
Science - Biology | 0 | 3 | 0 | 2 | 30 | 103 | 120.33 | 0 | 0 |
Science - Chemistry | 0 | 2 | 0 | 0 | 20 | 101 | 102.50 | 0 | 1 |
Science - Physics | 0 | 2 | 0 | 0 | 20 | 110 | 117.50 | 0 | 1 |
Science - Other Science | 0 | 2 | 1 | 0 | 15 | 80 | 97.50 | 0 | 2 |
History - European History | 0 | 2 | 3 | 0 | 5 | 69 | 100.50 | 0 | 1 |